000
00331nam a22001457a 4500
020
_a
81-219-1246-6
082
_a
001
_b
KAP/M
100
_a
KAPUR, J.N
100
_a
SAXENA, H.C
245
_a
MATHEMATICAL STATISTICS
260
_a
DELHI
_b
S.CHAND & COMPANY
_c
2005
300
_a
792
650
_a
MATHS REFERENCE
_z
INDIA
942
_c
BK
999
_c
1246
_d
1246